000 00507nam a2200181Ia 4500
008 100917s9999 xx 000 0 und d
082 _b11131
100 _aमंगळवेढेकर राजा
245 _aसिध्दार्थ
260 _bप्रेस्टिज प्रकाशन
_c1972
300 _a133
365 _b4
520 _aकथा
630 _aसिध्दार्थ
650 _aकथा
730 _aसिध्दार्थ
942 _cBOOK
999 _c616525
_d616522